Welcome to CU Library Online Public Access Catalogue (OPAC)

Henke's Med-Math Dosage Calculation, preparation and Administration/ (Record no. 4852)

MARC details
000 -LEADER
fixed length control field 00556nam a22001697a 4500
005 - DATE AND TIME OF LATEST TRANSACTION
control field 20250315101150.0
008 - FIXED-LENGTH DATA ELEMENTS--GENERAL INFORMATION
fixed length control field 250315b |||||||| |||| 00| 0 eng d
020 ## - INTERNATIONAL STANDARD BOOK NUMBER
International Standard Book Number 9780781736343
050 ## - LIBRARY OF CONGRESS CALL NUMBER
Classification number RS57
Item number .H46
100 ## - MAIN ENTRY--PERSONAL NAME
Personal name Henke, Grace
245 ## - TITLE STATEMENT
Title Henke's Med-Math Dosage Calculation, preparation and Administration/
Statement of responsibility, etc. Grace Henke & Susan Buchholz
250 ## - EDITION STATEMENT
Edition statement 4th ed.
260 ## - PUBLICATION, DISTRIBUTION, ETC.
Place of publication, distribution, etc. Philadelphia
Name of publisher, distributor, etc. Lippincott Williams & Wilkins
Date of publication, distribution, etc. 2003
300 ## - PHYSICAL DESCRIPTION
Extent xviii. 374p.
Other physical details ill. some color
Dimensions 27.5cm
Accompanying material CD-ROM
700 ## - ADDED ENTRY--PERSONAL NAME
Personal name Buchholz, Susan
942 ## - ADDED ENTRY ELEMENTS (KOHA)
Source of classification or shelving scheme Library of Congress Classification
Koha item type Books
Edition 4th ed.
Suppress in OPAC No
999 ## -
-- 4852
-- 4852
Holdings
Withdrawn status Lost status Source of classification or shelving scheme Damaged status Not for loan Collection Home library Current library Shelving location Date acquired Total checkouts Full call number Barcode Date last seen Copy number Price effective from Koha item type
    Library of Congress Classification     Non-fiction Science Library (Miotso) Science Library (Miotso) General stacks 03/15/2025   RS57 .H46 HEN SLM00004293 03/15/2025 1 03/15/2025 Books
    Library of Congress Classification     Non-fiction Science Library (Miotso) Science Library (Miotso) General stacks 03/15/2025   RS57 .H46 HEN SLM00004294 03/15/2025 2 03/15/2025 Books
    Library of Congress Classification     Non-fiction Science Library (Miotso) Science Library (Miotso) General stacks 03/15/2025   RS57 .H46 HEN SLM00004295 03/15/2025 3 03/15/2025 Books
    Library of Congress Classification     Non-fiction Science Library (Miotso) Science Library (Miotso) General stacks 03/15/2025   RS57 .H46 HEN SLM00004296 03/15/2025 4 03/15/2025 Books
    Library of Congress Classification     Non-fiction Science Library (Miotso) Science Library (Miotso) General stacks 03/15/2025   RS57 .H46 HEN SLM00004297 03/15/2025 5 03/15/2025 Books
    Library of Congress Classification     Non-fiction Science Library (Miotso) Science Library (Miotso) General stacks 03/15/2025   RS57 .H46 HEN SLM00004298 03/15/2025 6 03/15/2025 Books
© 2023-2024 Copyright: Central University Libraries. All Rights Reserved | Created by: Mahone Tech Office